logo

Bir Sreshtho Munshi Abdur Rouf Library
Jhenaidah Cadet College

সিনেয়াস্টের ডায়েরি: (Record no. 11687)

MARC details
000 -LEADER
fixed length control field 00851nam a2200229 a 4500
001 - CONTROL NUMBER
JCCL Control Number 11687
003 - CONTROL NUMBER IDENTIFIER
JCCL marc code BD-JhCC
005 - DATE AND TIME OF LATEST TRANSACTION
control field 20200719100608.0
008 - FIXED-LENGTH DATA ELEMENTS--GENERAL INFORMATION
fixed length control field 200719b2020 bg a|||| ||a| 000 0 ben d
020 ## - INTERNATIONAL STANDARD BOOK NUMBER
International Standard Book Number 9789845101127
035 ## - SYSTEM CONTROL NUMBER
system control number (BD-JhCC)11687
040 ## - CATALOGING SOURCE
Original cataloging agency BD-JhCC
Modifying agency BD-JhCC
041 ## - LANGUAGE CODE
Language code of Book ben
082 ## - DEWEY DECIMAL CLASSIFICATION NUMBER
Classification number 891.4409
Author mark and Year MAM 2020
100 ## - MAIN ENTRY--PERSONAL NAME
Personal name মামুন, বেলায়াত হোসেন
245 ## - TITLE STATEMENT
Title সিনেয়াস্টের ডায়েরি:
Remainder of title চলচ্চিত্র সমালোচনা, বক্তৃতা, স্মৃতি ও স্মরণ /
Statement of responsibility, etc বেলায়াত হোসেন মামুন ।
260 ## - PUBLICATION, DISTRIBUTION, ETC. (IMPRINT)
Place of publication, distribution, etc ঢাকা:
Name of publisher, distributor, etc কথাপ্রকাশ;
Date of publication, distribution, etc ২০২০.
300 ## - PHYSICAL DESCRIPTION
Pagination 326 p. :
Other physical details ill;
Dimensions 22 cm.
650 ## - SUBJECT ADDED ENTRY--TOPICAL TERM
Topical term or geographic name as entry element Bengali literature
942 ## - ADDED ENTRY ELEMENTS (KOHA)
Source of classification or shelving scheme Dewey Decimal Classification
Koha item type Books
Holdings
Source of classification or shelving scheme Damaged status Not for loan Home library Current library Shelving location Date of accession Cost, normal purchase price Total Checkouts Full call number Barcode Date last seen Copy number Koha item type
Dewey Decimal Classification     JCC Rouf Library JCC Rouf Library General Stacks 07/19/2020 375.00   891.4409 MAM 2020 15892 07/19/2020 C-1 Books

JCC Library | Contacts | JCC Home

Last Update on 23 September 2017
Copyright @ 2017-2020 JCC Rouf Library
Rouf Library, Jhenidah Cadet College (JCC), Bangladesh